| 000 | 00951nam a22003137a 4500 | ||
|---|---|---|---|
| 999 |
_c200454721 _d72933 |
||
| 001 | 200454721 | ||
| 003 | TR-AnTOB | ||
| 005 | 20231003095454.0 | ||
| 007 | ta | ||
| 008 | 231003s2018 tu a|||j |||| 00| j tur d | ||
| 020 | _a979754058093 | ||
| 040 |
_aTR-AnTOB _beng _erda _cTR-AnTOB |
||
| 041 | 0 | _atur | |
| 092 |
_a808.068 _bDAYk 2018 |
||
| 100 | 1 |
_aDayıoğlu, Gülten. _eauthor |
|
| 245 | 1 |
_aKüskün ayıcık / _cGülten Dayıoğlu ; Resimleyen: Saadet Ceylan. |
|
| 250 | _a31. baskı | ||
| 264 | 1 |
_aİstanbul : _bAltın Kitaplar Yayınevi, _c2018. |
|
| 300 |
_a64 pages : _billustrations ; _c20 cm. |
||
| 336 |
_atext _btxt _2rdacontent |
||
| 337 |
_aunmediated _bn _2rdamedia |
||
| 338 |
_avolume _bnc _2rdacarrier |
||
| 490 | 0 | _aGelincik Dizisi | |
| 653 |
_aÇocuk edebiyatı _aÇocuk hikayeleri |
||
| 700 | 1 |
_aCeylan, Saadet, _eillustrator _d1955- _9138488 |
|
| 942 |
_2ddc _cBK |
||